000 00383nam a2200145Ia 4500
008 191201s2013 xx 000 0 und d
082 _a005.43
_bDHO
100 _aDhamdhere, D M
245 0 _aOperating Systems A Concept Based Approach
250 _aRep.
260 _aN.Delhi
_bTata mc Graw Hill Pubg. co. Ltd
_c2013
300 _a828
650 _aB.Tech(CSE)
942 _2ddc
_cBK
_02
999 _c4049
_d4049